Open Data Biblioteca Nacional de Portugal


República Portuguesa: Ministério da Cultura
Biblioteca Nacional de Portugal

Catálogo da BNP: acesso por Identificadores Unívocos
Registos Bibliográficos associados ao registo de autoridade

Etiqueta de registo: 00230nam 2200025 450
001 1701412
003 http://id.bnportugal.gov.pt/bib/catbnp/1701412
010 ## $a972-97222-5-0
021 ## $aPT$b252270/06
100 ## $a20090204d2007 m y0pory0103 ba
101 0# $apor
102 ## $aPT
105 ## $aa z 001yy
106 ## $ar
200 1# $aNa rota das ilhas$emoinhos de vento dos Açores$fCarlos Lobão, António Ramires
205 ## $a1ª ed
210 #9 $aHorta$cClube de Filatelia o Ilhéu,$d2007
215 ## $a95, [1] p.$cil.$d23 cm
320 ## $aBibliografia, p. 90-93
675 ## $a725.4(469.9)$vBN$zpor$3504229
675 ## $a77.04$vBN$zpor$3291537
675 ## $a664.71(469.9)$vBN$zpor$31361712
700 #1 $aLobão,$bCarlos,$f1959-$380282
701 #1 $aRamires,$bAntónio$4070$31361343
801 #0 $aPT$bBN$gRPC
900 ## $aBIBNAC$d20130602
966 ## $lBN$mFGMON$sB.A. 29076 V.$x1
966 ## $lBN$mFGMON$sB.A. 29076 V.-D$x1

Etiqueta de registo: 00000nkm 2200025 450
001 2271551
003 http://id.bnportugal.gov.pt/bib/catbnp/2271551
100 ## $a20260225f1982 m y0pory01030103ba
101 0# $apor
102 ## $aPT
200 1# $aHomem protegido risco vencido$bVisual gráfico]$fDirecção Geral de Higiene e Segurança do Trabalho$gPetroquímica e Gaz de Portugal, E. P.$gAntónio Ramires
210 #9 $a[Lisboa]$cDirecção Geral de Higiene e Segurança do Trabalho,$d[1982]$e[S.l.] :$gOficinas Gráficas . SICT/MT)
215 ## $a1 cartaz$ccolor.$d42x30,5 cm
306 ## $aDatação atribuída em conformidade com as designações institucionais
317 ## $aColeção Madeira Luís
702 #1 $aRamires,$bAntónio$4410$31361343
710 01 $aPortugal.$bMinistério do Emprego e da Segurança Social.$bDirecção Geral de Higiene e Segurança do Trabalho$3205459
712 02 $aPetroquímica$313809
801 #0 $aPT$bBN$gRPC
966 ## $lBN$mICONOG$sCT. 14848 V.$x3
971 ## $cCaticonografia6$d20260225
995 ## $aPRR2026 $d20260225$iCaticonografia6

OpendataBNP@bnportugal.pt | Mais informação sobre acesso aos dados BNP